Vùng biển đảo Tây Nam

Nội dung giới thiệu khái quát đôi nét về văn hóa dân gian vùng biển Tây Nam, một số tập tục. Khai thác tủy tộc, một số loài động vật trên cạn, rừng trên đảo.Các nghề truyền thống như làm nước mắm, chế tác sản phẩm từ đồi mồi......

Cur síos iomlán

Đã lưu trong:
Sonraí Bibleagrafaíochta
Príomhúdar: Nguyễn, Thị Mỹ Hồng
Formáid: Leabhar
Teanga:Undetermined
Foilsithe: Hà Nội Hội Nhà văn 2019
Ábhair:
Clibeanna: Cuir Clib Leis
Gan Chlibeanna, Bí ar an gcéad duine leis an taifead seo a chlibeáil!
Thư viện lưu trữ: Trung tâm Học liệu Trường Đại học Cần Thơ
LEADER 00945nam a2200205Ia 4500
001 CTU_236139
008 210402s9999 xx 000 0 und d
082 |a 320.1509597 
082 |b H455 
100 |a Nguyễn, Thị Mỹ Hồng 
245 0 |a Vùng biển đảo Tây Nam 
245 0 |c Nguyễn Thị Mỹ Hồng 
260 |a Hà Nội 
260 |b Hội Nhà văn 
260 |c 2019 
520 |a Nội dung giới thiệu khái quát đôi nét về văn hóa dân gian vùng biển Tây Nam, một số tập tục. Khai thác tủy tộc, một số loài động vật trên cạn, rừng trên đảo.Các nghề truyền thống như làm nước mắm, chế tác sản phẩm từ đồi mồi... 
650 |a Đảo,Islands 
650 |z Việt Nam,Vietnam 
910 |b dqhieu 
980 |a Trung tâm Học liệu Trường Đại học Cần Thơ